| 000 | 00367nam a22001457a 4500 | ||
|---|---|---|---|
| 003 | OSt | ||
| 005 | 20230823104414.0 | ||
| 008 | 190423b xxu||||| |||| 00| 0 eng d | ||
| 040 | _cIIMT UNIVERSITY | ||
| 100 | _aSRIVASTAVA RUCHI | ||
| 245 | _aPERSONAL GROWTH AND TRAINING DEVELOPMENT | ||
| 260 |
_aDELHI _bVRINDA PUB _c2009 |
||
| 300 | _a232 | ||
| 942 |
_2ddc _c02 _e2009 |
||
| 999 |
_c46770 _d46770 |
||